000 00209 a2200097 4500
001 23081
100 _aWang, S
245 _aSolid - State Electronics
260 _a
_bMcGraw-Hill
_c1966
090 _c15623
_d15623
942 _aNUST-CAE
_cM
_c6251
999 _c258154
_d258154